<?xml version="1.0" encoding="UTF-8"?><?xml-stylesheet type="text/xsl" href="static/style.xsl"?><OAI-PMH xmlns="http://www.openarchives.org/OAI/2.0/" xmlns:xsi="http://www.w3.org/2001/XMLSchema-instance" xsi:schemaLocation="http://www.openarchives.org/OAI/2.0/ http://www.openarchives.org/OAI/2.0/OAI-PMH.xsd"><responseDate>2026-04-13T00:50:17Z</responseDate><request verb="GetRecord" identifier="oai:www.recercat.cat:10256/23476" metadataPrefix="marc">https://recercat.cat/oai/request</request><GetRecord><record><header><identifier>oai:recercat.cat:10256/23476</identifier><datestamp>2024-05-22T11:37:38Z</datestamp><setSpec>com_2072_452966</setSpec><setSpec>com_2072_2054</setSpec><setSpec>col_2072_452968</setSpec></header><metadata><record xmlns="http://www.loc.gov/MARC21/slim" xmlns:dcterms="http://purl.org/dc/terms/" xmlns:xsi="http://www.w3.org/2001/XMLSchema-instance" xmlns:doc="http://www.lyncode.com/xoai" xsi:schemaLocation="http://www.loc.gov/MARC21/slim http://www.loc.gov/standards/marcxml/schema/MARC21slim.xsd">
   <leader>00925njm 22002777a 4500</leader>
   <datafield ind2=" " ind1=" " tag="042">
      <subfield code="a">dc</subfield>
   </datafield>
   <datafield ind2=" " ind1=" " tag="720">
      <subfield code="a">Montalvillo González, Leire</subfield>
      <subfield code="e">author</subfield>
   </datafield>
   <datafield ind2=" " ind1=" " tag="260">
      <subfield code="c">2023</subfield>
   </datafield>
   <datafield ind2=" " ind1=" " tag="520">
      <subfield code="a">Background: Eating disorders (ED) are serious diseases associated with high morbidity and&#xd;
mortality, marked deterioration and poor quality of life. They are characterized by persistent&#xd;
feeding disturbance that may include food restriction or inappropriate compensatory behaviors.&#xd;
Many transgender and gender diverse people dip into unsafe methods, including disordered&#xd;
eating behaviors, to align their bodies with their gender identity and thus alleviate their gender&#xd;
dysphoria.&#xd;
Objective: To know, based on scientific evidence, whether there is a relationship between gender&#xd;
dysphoria and eating disorders that explains its high incidence in transgender people.&#xd;
Methods: A bibliographic review of the current literature in the databases MEDLINE Pubmed,&#xd;
Elsevier Scopus, APA PsycInfo, Cinahl, SciELO and Cochrane Library was carried out. The research&#xd;
was conducted between the months of February, March, and April 2023. The articles were&#xd;
published during the period 2018 – 2023 and have been selected according to the inclusion and&#xd;
exclusion criteria.&#xd;
Outcomes: In total, 14 articles have been included in the literature review according to the&#xd;
inclusion and exclusion criteria. The selected case studies present adolescents with an initial&#xd;
diagnosis of ED leading to the manifestation of gender dysphoria.&#xd;
Conclusions: The symptoms of eating disorders in transgender people are secondary to gender&#xd;
dysphoria. Partnering with an interdisciplinary team will help better articulate an appropriate&#xd;
treatment plan for this population</subfield>
   </datafield>
   <datafield ind2=" " ind1=" " tag="520">
      <subfield code="a">Introducción: Los trastornos de la conducta alimentaria (TCA) son enfermedades graves asociadas&#xd;
a una alta morbilidad y mortalidad, deterioro marcado y mala calidad de vida. Se caracterizan por&#xd;
una alteración persistente de la alimentación que puede incluir una restricción en la alimentación&#xd;
o comportamientos compensatorios inapropiados. Muchas personas transgénero y de género&#xd;
diverso recurren a métodos poco seguros, incluidos los comportamientos alimentarios&#xd;
desordenados para alinear su cuerpo con su identidad de género y así, aliviar su disforia de&#xd;
género.&#xd;
Objetivo: Conocer en función de la evidencia científica, si existe una relación entre la disforia de&#xd;
género y los trastornos de la conducta alimentaria que explique su alta incidencia en personas&#xd;
transgénero.&#xd;
Metodología: Se realiza una revisión bibliográfica de la literatura actual en las bases de datos&#xd;
MEDLINE Pubmed, Elsevier Scopus, APA PsycInfo, Cinahl, SciELO y Cochrane Library. La búsqueda&#xd;
se ha realizado entre los meses de febrero, marzo y abril de 2023. Los artículos se publicaron&#xd;
durante el periodo 2018 – 2023 y han sido seleccionados según los criterios de inclusión y&#xd;
exclusión.&#xd;
Resultados: En total, se han incluido 14 artículos a la revisión bibliográfica según los criterios de&#xd;
inclusión y exclusión. Los estudios de casos seleccionados presentan adolescentes con un&#xd;
diagnóstico inicial de TCA que deriva en la manifestación de disforia de género.&#xd;
Conclusiones: Los síntomas de los trastornos de conducta alimentaria en personas transgénero&#xd;
son secundarios a la disforia de género. La asociación con un equipo interdisciplinario ayudará a&#xd;
articular mejor un plan de tratamiento adecuado para esta población</subfield>
   </datafield>
   <datafield ind2=" " ind1=" " tag="520">
      <subfield code="a">3</subfield>
   </datafield>
   <datafield ind1="8" ind2=" " tag="024">
      <subfield code="a">http://hdl.handle.net/10256/23476</subfield>
   </datafield>
   <datafield tag="653" ind2=" " ind1=" ">
      <subfield code="a">Trastorns de la conducta alimentària</subfield>
   </datafield>
   <datafield tag="653" ind2=" " ind1=" ">
      <subfield code="a">Eating disorders</subfield>
   </datafield>
   <datafield tag="653" ind2=" " ind1=" ">
      <subfield code="a">Anorèxia nerviosa</subfield>
   </datafield>
   <datafield tag="653" ind2=" " ind1=" ">
      <subfield code="a">Anorexia nervosa</subfield>
   </datafield>
   <datafield tag="653" ind2=" " ind1=" ">
      <subfield code="a">Disfòria de gènere</subfield>
   </datafield>
   <datafield tag="653" ind2=" " ind1=" ">
      <subfield code="a">Gender identity disorders</subfield>
   </datafield>
   <datafield ind2="0" ind1="0" tag="245">
      <subfield code="a">Relación entre los trastornos de la conducta alimentaria y la disforia de género: revisión bibliográfica</subfield>
   </datafield>
</record></metadata></record></GetRecord></OAI-PMH>